Biện pháp quản lý của hiệu trưởng nhằm nâng cao chất lượng hoạt động giáo dục ngoài giờ lên lớp trong các trường THPT tỉnh Chămpak nước CHDCND Lào

Cơ sở lý luận của công tác quản lý giáo dục ngoài giờ lên lớp cho học sinh Trung học phổ thông. Thực trạng công tác quản lý hoạt động giáo dục ngoài giờ của người hiệu trưởng trường THPT ở tỉnh Champasak. Biện pháp quản lý của hiệu trường trường THPT nhằm nâng cao chất lượng hoạt động giáo dục ngoài...

Descrición completa

Gardado en:
Detalles Bibliográficos
Autor Principal: Sysamay Sysomboun
Outros autores: Hà Nhật Thăng PGS.TS (Hướng dẫn)
Formato: Libro
Idioma:Vietnamese
Publicado: Đà Nẵng Đại học Đà Nẵng 2006
Những chủ đề:
Các nhãn: Engadir etiqueta
Sen Etiquetas, Sexa o primeiro en etiquetar este rexistro!
Thư viện lưu trữ: Mạng thư viện Đại học Đà Nẵng
LEADER 01823nam a2200337 4500
001 000010696
003 6907
005 20111219091210.0
008 111219s2006 viesd
041 |a vie 
072 |a Luận văn Thạc sĩ khoa học giáo dục 
082 |a 371.2  |b SY-S 
100 1 |a Sysamay Sysomboun 
245 1 |a Biện pháp quản lý của hiệu trưởng nhằm nâng cao chất lượng hoạt động giáo dục ngoài giờ lên lớp trong các trường THPT tỉnh Chămpak nước CHDCND Lào  |c Sysamay Sysomboun 
260 |a Đà Nẵng  |b Đại học Đà Nẵng  |c 2006 
300 |a 115 tr.  |c 29 cm 
500 |a Luận văn Thạc sĩ Khoa học giáo dục. Chuyên ngành: Quản lý giáo dục. Mã số: 60.14.05 
520 |a Cơ sở lý luận của công tác quản lý giáo dục ngoài giờ lên lớp cho học sinh Trung học phổ thông. Thực trạng công tác quản lý hoạt động giáo dục ngoài giờ của người hiệu trưởng trường THPT ở tỉnh Champasak. Biện pháp quản lý của hiệu trường trường THPT nhằm nâng cao chất lượng hoạt động giáo dục ngoài giờ lên lớp. 
653 |a Giáo dục ngoài giờ 
653 |a Luận văn Thạc sĩ Khoa học giáo dục 
700 1 |a Hà Nhật Thăng  |c PGS.TS  |e Hướng dẫn 
OWN |a LSP 
AVA |a UDN50  |b LSP  |d 371.2 SY-S  |e available  |t Error 5001 Not defined in file expand_doc_bib_avail.  |f 1  |g 0  |h N  |i 0  |k 1 
999 |a From the UDN01 
AVA |a UDN50  |b LSP  |d 371.2 SY-S  |e available  |t Error 5001 Not defined in file expand_doc_bib_avail.  |f 1  |g 0  |h N  |i 0  |k 1 
TYP |a Monograph 
TYP |a Printed language 
980 |a Mạng thư viện Đại học Đà Nẵng